| 000 | 00538nam a2200169 i 4500 | ||
|---|---|---|---|
| 001 | 161364 | ||
| 003 | ES-MaACL | ||
| 005 | 20230906212254.0 | ||
| 008 | 990413s1891 sp |||| | spa d | ||
| 040 |
_aCCPB | B _bspa _cCCPB | B |
||
| 100 | 1 |
_aPardo, Luis. _988978 |
|
| 245 | 1 | 0 |
_aConfidencias _b: novela americana / _cLuis Pardo. |
| 250 | _a2ª ed. | ||
| 260 |
_aMadrid : _b[s.n.], _c1891 ( _fEstablecimiento Tipográfico de Alfredo Alonso) |
||
| 300 |
_aXII, 202 p. ; _c21 cm. |
||
| 852 |
_aES-MaACL _jG-7598 _z-- Enc. pasta española |
||
| 999 |
_c161364 _d161364 |
||